Porovnanie odpisovej politiky v kontexte zdaňovania príjmov v SR a vybraných krajinách EÚ bakalárska práca

Guardado en:
Detalles Bibliográficos
Autor principal: Herdová, Klára
Autor Corporativo: Fakulta podnikového manažmentu EU. Katedra podnikových financií
Otros Autores: Ďurinová, Ivona, 1964-
Formato: Libro
Lenguaje:eslovaco
Publicado: Bratislava 2020
Etiquetas: Agregar Etiqueta
Sin Etiquetas, Sea el primero en etiquetar este registro!

MARC

LEADER 00000nbm a2200000 4500
001 0266146
005 20201123110953.9
041 0 |a slo 
044 |a SK 
245 1 0 |a Porovnanie odpisovej politiky v kontexte zdaňovania príjmov v SR a vybraných krajinách EÚ  |b bakalárska práca  |c Klára Herdová ; školiteľ: Ivona Ďurinová 
264 1 |a Bratislava  |c 2020 
300 |a 59 s. 
100 1 |a Herdová, Klára 
700 1 |a Ďurinová, Ivona, 1964- 
710 2 |a Fakulta podnikového manažmentu EU. Katedra podnikových financií